000
00324nam a22001337a 4500
008
170809b xxu||||| |||| 00| 0 eng d
020
_a
9780321450050
041
_a
eng
080
_a
004
100
_a
35
101
_a
SHKI
245
_a
PROBLEM SOLVING, ABSTRACTION, AND DESIGN USING C++
_c
FRIEDMAN, F.L
942
_2
udc
_c
BK
999
_c
23051
_d
23051